00467nam a2200193 a 4500001001300000003000900013005001700022008004100039020001000080082001300090100002200103245003000125260002900155300000800184500003500192505001000227650001400237700002200251nice12345678IN_TiNIC20260116011632.0050524s1948 lona grp 000 0 eng  ac10000a133bROG aRogers, Clement F aAstrology and Prediction. aLondonbScm Press c1948 a94p aincludes index and biblioraphy2 aIndex aOccultism1 aRogers, Clement F